An Official guide to Eastern Asia (Record no. 5622)

MARC details
000 -CABECERA
campo de control de longitud fija 00991nam a2200241 a 4500
001 - NÚMERO DE CONTROL
campo de control BRCA_5933
005 - FECHA Y HORA DE LA ÚLTIMA TRANSACCIÓN
campo de control 20190320205252.0
008 - DATOS DE LONGITUD FIJA--INFORMACIÓN GENERAL
campo de control de longitud fija 220311s1914----ja-ab#####---o001-0#eng-#
041 ## - CÓDIGO DE LENGUA
Código de lengua del texto/banda sonora o título independiente eng
044 ## - CÓDIGO DEL PAÍS DE LA ENTIDAD EDITORA/PRODUCTORA
Código MARC del país ja
050 #4 - SIGNATURA TOPOGRÁFICA DE LA BIBLIOTECA DEL CONGRESO
Número de clasificación DS4
Número de documento/Ítem .O44
-- 1914
245 10 - MENCIÓN DE TÍTULO
Título An Official guide to Eastern Asia
Resto del título trans-continental connections between Europe and Asia.
Mención de responsabilidad, etc. prepared by the Imperial Japanese Government Railways.
260 ## - PUBLICACIÓN, DISTRIBUCIÓN, ETC.
Lugar de publicación, distribución, etc. Tokio
Nombre del editor, distribuidor, etc. Imperial Japanese Government Railways
Fecha de publicación, distribución, etc. 1914
300 ## - DESCRIPCIÓN FÍSICA
Extensión v. 4; il.; maps
500 ## - NOTA GENERAL
Nota general La Biblioteca sólo tiene el v.2. Contenido: v.1 Manchuria and Chosen.- v.2 South-Western Japan.- v.3 North Eastern Japan.- v.4 China.
500 ## - NOTA GENERAL
Nota general H164
505 0# - NOTA DE CONTENIDO CON FORMATO
Nota de contenido con formato mapas de Japón y Nagasaki; índices
651 #4 - PUNTO DE ACCESO ADICIONAL DE MATERIA--NOMBRE GEOGRÁFICO
Nombre geográfico Asia Oriental
Subdivisión de forma Descripción de viajes
Subdivisión general Guía de viajeros
9 (RLIN) 14985
651 #4 - PUNTO DE ACCESO ADICIONAL DE MATERIA--NOMBRE GEOGRÁFICO
Nombre geográfico Japón
Subdivisión de forma Descripción y viajes
Subdivisión general Guías de viajeros
9 (RLIN) 14986
710 2# - PUNTO DE ACCESO ADICIONAL--NOMBRE DE ENTIDAD CORPORATIVA
Nombre de entidad corporativa o nombre de jurisdicción como elemento de entrada Imperial Japanese Government Railways.
Unidad subordinada Gobierno Japonés
9 (RLIN) 14987
902 ## - CATALOGADOR
Iniciales GFM
942 ## - ELEMENTOS DE PUNTO DE ACCESO ADICIONAL (KOHA)
Fuente del sistema de clasificación o colocación Library of Congress Classification
Tipo de ítem Koha Libros
Holdings
Estado de retiro Estado de pérdida Estado dañado No para préstamo Localización permanente Ubicación/localización actual Fecha de adquisición Número de inventario Total de préstamos Signatura topográfica completa Código de barras Fecha visto por última vez Precio válido a partir de Tipo de ítem Koha
El ejemplar forma parte de la colección y puede ser consultado según las políticas vigentes.       Biblioteca del Museo Franz Mayer (Rogerio Casas-Alatriste) Biblioteca del Museo Franz Mayer (Rogerio Casas-Alatriste) 22/03/2011 H164   DS4 .O44 1914 (H164) 6372 22/03/2019 22/03/2019 Libros